| 000 | 01024nam a2200241Ia 4500 | ||
|---|---|---|---|
| 001 | 739 | ||
| 003 | GE_BSU | ||
| 008 | 181216s||||||||xx |||||||||||||| ||und|| | ||
| 020 | _a9994061542 | ||
| 040 | _cGE_BSU | ||
| 080 | _a7–0 | ||
| 100 | _aჯობაძე, ვახტანგ | ||
| 245 | _aადრეული შუა საუკუნეების ქართული მონასტრები ისტორიულ ტაოში, კლარჯეთსა და შავშეთში | ||
| 245 | _cრედ. მარიამ ლორთქიფანიძე | ||
| 260 | _aთბილისი | ||
| 260 | _bთბილისის სახ. უნ–ტი | ||
| 260 | _c2006 | ||
| 300 | _a277 გვ. | ||
| 541 | _h30 ლ. | ||
| 653 | _aქართული სამონასტრო არქიტექტურა | ||
| 653 | _aქართული ხუროთმოძღვრული ძეგლები თურქეთში; | ||
| 942 | _cBK | ||
| 999 |
_c34912 _d34912 |
||